| 000 | 00520nam a22001817a 4500 | ||
|---|---|---|---|
| 005 | 20250916161749.0 | ||
| 008 | 250916b |||||||| |||| 00| 0 eng d | ||
| 020 | _a9798887153193 | ||
| 050 |
_aHG 1615 .M87 2024 _bC.1 |
||
| 100 | _aMurphy, Vida | ||
| 245 | _aGlobal Banking and Finance | ||
| 250 | _aFirst Edition | ||
| 260 |
_aDublin, OH _bOryson Press _c2023 |
||
| 300 | _avi, 322p. | ||
| 500 | _aIncludes index | ||
| 650 | _a1. Banks and banking - International. 2. Finance - International. | ||
| 942 |
_2lcc _cBK |
||
| 999 |
_c216126 _d216126 |
||